La Liga Stadiums - Statistics

General Stats
  • This quiz has been taken 199 times
    102 since last reset
  • The average score is 10 of 20
Answer Stats
Team Capacity Stadium Name % Correct
Barcelona 105,000 Camp Nou
99%
Real Madrid 83,186 Santiago Bernabéu
97%
Atlético Madrid 70,460 Metropolitano Stadium
96%
Athletic Bilbao 53,289 San Mamés
78%
Sevilla 43,883 Ramón Sánchez Pizjuán
71%
Villarreal 23,008 La Cerámica
70%
Valencia 49,430 Mestalla
68%
Real Sociedad 39,313 Estadio Anoeta
54%
Espanyol 42,260 RCDE Stadium
46%
Celta Vigo 24,870 Balaídos
45%
Girona 14,624 Estadi Montilivi
42%
Alavés 19,840 Mendizorroza
38%
Osasuna 23,576 Estadio El Sadar
36%
Real Betis 70,000 La Cartuja
35%
Levante 26,354 Estadi Ciutat de València
30%
Rayo Vallecano 14,708 Estadio de Vallecas
30%
Getafe 16,500 Estadio Coliseum
29%
Elche 31,388 Martínez Valero
26%
Real Oviedo 30,500 Carlos Tartiere
23%
Mallorca 23,142 Mallorca Son Moix
10%
No matching quizzes found
Score Distribution
Percent of People with Each Score
Percentile by Number Answered
Your Score History
You have not taken this quiz since the last reset